[Event "DVM U16 2016"]
[Site "Neumarkt in der Oberpfalz GER"]
[Date "2016.12.27"]
[Round "1"]
[White "Rautenberg, Jakob"]
[Black "Dalchow, Mario"]
[Result "1/2-1/2"]
[Termination "normal"]
[Board "8.4"]
[WhiteElo "1697"]
[BlackElo "1471"]
[WhiteTeam "Delmenhorster SK"]
[BlackTeam "SC 1997 Lambsheim"]
[PlyCount "56"]
[WhiteFideId "16214749"]
[BlackFideId "12971421"]
[EventCountry "GER"]
[EventRounds "7"]
[EventType "team-swiss"]
[EventDate "2016.12.26"]

1. e4 c6 2. Nc3 d5 3. Nf3 dxe4 4. Nxe4 Bf5 5. Ng3 Bg6 6. h4 h6 7. Ne5 Bh7 8.
Qh5 g6 9. Qf3 Nf6 10. Qb3 Qd5 11. Qxb7 Qxe5+ 12. Be2 Qd6 13. Qxa8 Qc7 14. d3
Nfd7 15. Be3 Nb6 16. Bxb6 Qxb6 17. Bf3 Bg7 18. Bxc6+ Kd8 19. O-O Kc7 20. Bf3 g5
21. h5 e6 22. Qb7+ Qxb7 23. Bxb7 Kxb7 24. Rab1 Rc8 25. Rfc1 Nc6 26. Ne2 Nb4 27.
Nc3 Ka8 28. a3 Bxc3 1/2-1/2

[Event "DVM U16 2016"]
[Site "Neumarkt in der Oberpfalz GER"]
[Date "2016.12.27"]
[Round "1"]
[White "Linnert, Niklas"]
[Black "Grieb, Lukas"]
[Result "1-0"]
[Termination "normal"]
[Board "9.1"]
[WhiteElo "1806"]
[BlackElo "1810"]
[WhiteTeam "SK König Plauen"]
[BlackTeam "SK Gau-Algesheim"]
[PlyCount "79"]
[WhiteFideId "12974781"]
[BlackFideId "1271993"]
[EventCountry "GER"]
[EventRounds "7"]
[EventType "team-swiss"]
[EventDate "2016.12.26"]

1. e4 c5 2. Nc3 Nc6 3. Nge2 Nf6 4. d4 cxd4 5. Nxd4 e6 6. f3 Be7 7. Be3 O-O 8.
Qd2 a6 9. O-O-O Qc7 10. g4 d6 11. h4 Rd8 12. h5 Nd7 13. g5 Nf8 14. g6 fxg6 15.
hxg6 Nxg6 16. Qh2 Nf8 17. f4 Bf6 18. Nxc6 bxc6 19. e5 dxe5 20. Rxd8 Qxd8 21.
fxe5 Bg5 22. Qg3 Bxe3+ 23. Qxe3 Bb7 24. Rg1 Qc7 25. Bc4 c5 26. Rd1 Rb8 27. Rd6
Bc8 28. Ne4 Qa5 29. Nxc5 Rb4 30. Bb3 Rb5 31. Nd3 Qc7 32. Qf4 Ng6 33. Qd4 Ne7
34. Rd8+ Kf7 35. Qf2+ Kg6 36. Nf4+ Kg5 37. Qg3+ Kf5 38. Rf8+ Ke4 39. Nd3 Rxb3
40. Qf3+  1-0

[Event "DVM U16 2016"]
[Site "Neumarkt in der Oberpfalz GER"]
[Date "2016.12.27"]
[Round "1"]
[White "Erlekam, Simon"]
[Black "Burian, Simon"]
[Result "0-1"]
[Termination "normal"]
[Board "9.2"]
[WhiteElo "1843"]
[BlackElo "1827"]
[WhiteTeam "SK Gau-Algesheim"]
[BlackTeam "SK König Plauen"]
[PlyCount "64"]
[WhiteFideId "12921416"]
[BlackFideId "12956902"]
[EventCountry "GER"]
[EventRounds "7"]
[EventType "team-swiss"]
[EventDate "2016.12.26"]

1. e4 c5 2. Nf3 d6 3. Nc3 Nf6 4. d4 cxd4 5. Nxd4 a6 6. Be2 e5 7. Nb3 Be7 8. O-O
Be6 9. f4 exf4 10. Bxf4 Nc6 11. Kh1 Ne5 12. Nd4 Qa5 13. Qe1 Ng6 14. Bg3 O-O 15.
Nxe6 fxe6 16. Bc4 Kf7 17. Rd1 Rfd8 18. Bb3 Qh5 19. Ne2 Rac8 20. Nd4 Nf8 21. e5
dxe5 22. Bxe5 Bd6 23. Bxd6 Rxd6 24. Nxe6 Rxe6 25. Rd7+ N8xd7 26. Qxe6+ Kg6 27.
g4 Qe5 28. Qf7+ Kh6 29. g5+ Qxg5 30. Rg1 Ng4 31. Be6 Nde5 32. Qxb7 Nf2# 0-1

[Event "DVM U16 2016"]
[Site "Neumarkt in der Oberpfalz GER"]
[Date "2016.12.27"]
[Round "1"]
[White "Graf, Lucas"]
[Black "Breitenbach, Justin"]
[Result "1/2-1/2"]
[Termination "normal"]
[Board "9.3"]
[WhiteElo "1716"]
[BlackElo "1453"]
[WhiteTeam "SK König Plauen"]
[BlackTeam "SK Gau-Algesheim"]
[PlyCount "71"]
[WhiteFideId "12974889"]
[BlackFideId "12971383"]
[EventCountry "GER"]
[EventRounds "7"]
[EventType "team-swiss"]
[EventDate "2016.12.26"]

1. e4 e5 2. Nf3 Nc6 3. Nc3 Nf6 4. a3 d6 5. Be2 Be7 6. O-O O-O 7. d4 b6 8. Re1
Bb7 9. d5 Nb8 10. b4 c6 11. Bc4 cxd5 12. Nxd5 Nxd5 13. Bxd5 Bxd5 14. Qxd5 Nd7
15. Bb2 Rc8 16. Rac1 Nf6 17. Qd3 Rc6 18. c4 Qd7 19. Rc2 Rfc8 20. Rec1 Qg4 21.
Nd2 Nh5 22. Qf3 Qxf3 23. Nxf3 Nf4 24. c5 bxc5 25. bxc5 Nd3 26. Rd1 Nxb2 27.
Rxb2 Rxc5 28. g3 Rc3 29. Kg2 Rxa3 30. Rb7 Kf8 31. Rd5 g6 32. h4 Ra2 33. Rd2
Rxd2 34. Nxd2 Ra8 35. Nc4 a5 36. Nb6  1/2-1/2

[Event "DVM U16 2016"]
[Site "Neumarkt in der Oberpfalz GER"]
[Date "2016.12.27"]
[Round "1"]
[White "Jilge, Sebastian"]
[Black "Nicklaus, Timm"]
[Result "1/2-1/2"]
[Termination "normal"]
[Board "9.4"]
[WhiteElo "1395"]
[BlackElo "1625"]
[WhiteTeam "SK Gau-Algesheim"]
[BlackTeam "SK König Plauen"]
[PlyCount "98"]
[WhiteFideId "16208048"]
[BlackFideId "12957143"]
[EventCountry "GER"]
[EventRounds "7"]
[EventType "team-swiss"]
[EventDate "2016.12.26"]

1. e4 c5 2. Nf3 Nc6 3. Bc4 e6 4. Nc3 a6 5. a4 Nf6 6. d3 d5 7. exd5 exd5 8. Qe2+
Be7 9. Bb3 Be6 10. Bf4 O-O 11. O-O Bd6 12. Qd2 Bxf4 13. Qxf4 Rc8 14. d4 c4 15.
Ba2 Nh5 16. Qg5 Qxg5 17. Nxg5 Nxd4 18. Rac1 Nf4 19. Nxe6 Nfe2+ 20. Nxe2 Nxe2+
21. Kh1 Rfe8 22. Rcd1 fxe6 23. Rfe1 Nf4 24. c3 Nd3 25. Re2 Nc5 26. a5 Rc6 27.
Rb1 Rf8 28. f3 Rf6 29. b4 cxb3 30. Bxb3 b5 31. axb6 Rxb6 32. Reb2 Nd3 33. Rd2
Nc5 34. Rdb2 Nxb3 35. Rxb3 Rxb3 36. Rxb3 e5 37. Kg1 Rc6 38. Ra3 Kf7 39. Ra5 Ke6
40. Kf2 Rxc3 41. Rxa6+ Kf5 42. Ra7 Rc2+ 43. Kf1 Kf4 44. Ra4+ Rc4 45. Ra3 d4 46.
g3+ Kf5 47. Ra7 d3 48. Rd7 e4 49. Rd5+ Ke6 1/2-1/2

[Event "DVM U16 2016"]
[Site "Neumarkt in der Oberpfalz GER"]
[Date "2016.12.27"]
[Round "1"]
[White "Merx, Florian"]
[Black "Browning, Alex"]
[Result "0-1"]
[Termination "normal"]
[Board "10.1"]
[WhiteElo "1717"]
[BlackElo "1938"]
[WhiteTeam "SV Empor Erfurt"]
[BlackTeam "MS Halver-Schalksmühle"]
[PlyCount "102"]
[WhiteFideId "16212304"]
[BlackFideId "12984019"]
[EventCountry "GER"]
[EventRounds "7"]
[EventType "team-swiss"]
[EventDate "2016.12.26"]

1. e4 c5 2. Nf3 d6 3. d4 cxd4 4. Nxd4 Nf6 5. Nc3 a6 6. Be3 e5 7. Nb3 Be7 8. Be2
O-O 9. O-O Nbd7 10. f3 b6 11. Qd2 Bb7 12. Rad1 Qc7 13. Bd3 Rfc8 14. Ne2 d5 15.
exd5 Nxd5 16. Bf2 N7f6 17. c3 Rd8 18. Qc2 Rac8 19. Bf5 Ra8 20. Ng3 g6 21. Bd3
Nf4 22. Rfe1 Nxd3 23. Rxd3 Nd5 24. Rd2 a5 25. Nc1 Ba6 26. Nd3 Bxd3 27. Rxd3 Nb4
28. Rxd8+ Rxd8 29. Qb3 Nd3 30. Rd1 Bc5 31. Ne4 Nxf2 32. Nxf2 Rd6 33. Kf1 Qd8
34. Rxd6 Qxd6 35. Qc2 Qd5 36. c4 Qd4 37. b3 f5 38. Nh3 Qa1+ 39. Ke2 Qh1 40. Kd3
Qxh2 41. Qd2 Qh1 42. Kc2 Bd4 43. Qg5 Kf7 44. Qd2 Qa1 45. Ng5+ Kf6 46. Kd3 h6
47. Nh3 g5 48. Ke2 Qh1 49. Kd3 Qb1+ 50. Ke2 Kg6 51. Nf2 Qg1  0-1

[Event "DVM U16 2016"]
[Site "Neumarkt in der Oberpfalz GER"]
[Date "2016.12.27"]
[Round "1"]
[White "Kölz, Niklas"]
[Black "Vo, Minh"]
[Result "1/2-1/2"]
[Termination "normal"]
[Board "10.2"]
[WhiteElo "1801"]
[BlackElo "1656"]
[WhiteTeam "MS Halver-Schalksmühle"]
[BlackTeam "SV Empor Erfurt"]
[PlyCount "70"]
[WhiteFideId "12971758"]
[BlackFideId "12976512"]
[EventCountry "GER"]
[EventRounds "7"]
[EventType "team-swiss"]
[EventDate "2016.12.26"]

1. c4 c5 2. g3 Nc6 3. Nc3 g6 4. Bg2 Bg7 5. e4 e6 6. Nge2 Nge7 7. O-O O-O 8. d3
b6 9. Be3 Bb7 10. Qd2 Nd4 11. Bh6 Nxe2+ 12. Nxe2 d5 13. Bxg7 Kxg7 14. Qc3+ d4
15. Qd2 f5 16. Nf4 Qd7 17. exf5 Rxf5 18. Nxe6+ Qxe6 19. Bxb7 Raf8 20. Be4 Rh5
21. Bg2 Re5 22. Rfe1 Rxe1+ 23. Rxe1 Qf6 24. f4 Nf5 25. b4 Ne3 26. bxc5 bxc5 27.
Rb1 Rf7 28. Be4 g5 29. f5 Qe7 30. h3 h6 31. g4 Nxc4 32. Qc1 Nd6 33. Bd5 Rf8 34.
Bc6 Qc7 35. Qe1 Nf7 1/2-1/2

[Event "DVM U16 2016"]
[Site "Neumarkt in der Oberpfalz GER"]
[Date "2016.12.27"]
[Round "1"]
[White "Schulz, Theresa Charlotte"]
[Black "Browning, Rebecca"]
[Result "0-1"]
[Termination "normal"]
[Board "10.3"]
[WhiteElo "1595"]
[BlackElo "1815"]
[WhiteTeam "SV Empor Erfurt"]
[BlackTeam "MS Halver-Schalksmühle"]
[PlyCount "94"]
[WhiteFideId "12952206"]
[BlackFideId "12984027"]
[EventCountry "GER"]
[EventRounds "7"]
[EventType "team-swiss"]
[EventDate "2016.12.26"]

1. d4 Nf6 2. Bg5 e6 3. e4 h6 4. Bxf6 Qxf6 5. c3 Qe7 6. Bd3 g6 7. Nd2 d5 8. e5
c5 9. Ne2 Nc6 10. O-O Bg7 11. f4 Bd7 12. Nf3 a6 13. a4 g5 14. Qd2 g4 15. Ne1
Na5 16. Qd1 Nc4 17. Bxc4 dxc4 18. d5 exd5 19. Qxd5 Bc6 20. Qxc4 Rd8 21. Ng3 Bd5
22. Qe2 Qe6 23. Qc2 Bb3 24. Qe4 Bd5 25. Qc2 c4 26. Nf5 Bf8 27. Nd4 Bc5 28. Kh1
Bxd4 29. cxd4 f5 30. Qc3 Qc6 31. Rf2 h5 32. Nc2 h4 33. Nb4 Qe6 34. Nxd5 Qxd5
35. Rd1 g3 36. Rf3 gxh2 37. Qc2 h3 38. Kxh2 hxg2+ 39. Kxg2 Ke7 40. Qxf5 Rdg8+
41. Kf2 Rh2+ 42. Ke3 Rgg2 43. Qf6+ Ke8 44. f5 Re2+ 45. Kf4 Qe4+ 46. Kg5 Reg2+
47. Rg3 Rxg3#  0-1